000 00363pab a2200157 454500
008 180718b2009 xxu||||| |||| 00| 0 eng d
100 _aSantosh Kumar
245 _aDisaster management: from risk to resilience
260 _c2009
300 _ap.23-26.
362 _aJun
650 _aDisaster prevention
773 _aYojana
908 _aN
909 _a82568
999 _c82568
_d82568